000 00631nam a2200241Ia 4500
003 OSt
005 20220928112643.0
006 a|||||r|||| 00| 0
007 ta
008 220927b |||||||| |||| 00| 0 eng d
024 _a138780
037 _cTextual
040 _aSDCL
_cSDCL
_beng
041 _2eng
_aeng
082 _aR14, K8
100 _aLemmon E J
_9429117
245 0 _aIntroductin to axiomatic set theory.
260 _aLondon
_bRoutledge
_c1968
300 _av,131p.
_ccm.
490 _aMonographs in modern library.
942 _hR14, K8
_cTEXL
_2CC
999 _c745604
_d745604